Central Library OPAC University of Rajshahi
Normal view MARC view

Entry Geographic Name

Number of records used in: 2

001 - CONTROL NUMBER

  • control field: 3731

003 - CONTROL NUMBER IDENTIFIER

  • control field: BD-RjUL

005 - DATE AND TIME OF LATEST TRANSACTION

  • control field: 20220620104419.0

008 - FIXED-LENGTH DATA ELEMENTS

  • fixed length control field: 220620|| aca||aabn | a|a d

040 ## - CATALOGING SOURCE

  • Original cataloging agency: BD-RjUL
  • Transcribing agency: BD-RjUL

151 ## - HEADING--GEOGRAPHIC NAME

  • Geographic name: Bangladesh
  • Geographic subdivision: Dhaka

670 ## - SOURCE DATA FOUND

  • Source citation: Work cat.: (BD-RjUL)79994: Karim, Abdul, 1928-2007. 160401, Dacca, the Mughal capital /, 1964, 2020